Every Major City in the British Isles - Statistics

General Stats
  • This quiz has been taken 15 times
  • The average score is 18 of 21
Answer Stats
Answer % Correct
Birmingham
100%
Birmingham
100%
Cardiff
100%
Edinburgh
100%
Glasgow
100%
Liverpool
100%
London
100%
Manchester
100%
Belfast
93%
Leeds
87%
Newcastle upon Tyne
87%
Sheffield
87%
Bristol
80%
Southampton
80%
Cambridge
73%
Dublin
73%
Leicester
73%
Oxford
73%
Nottingham
60%
Portsmouth
60%
Cork
53%
No matching quizzes found
Score Distribution
Percent of People with Each Score
Percentile by Number Answered
Your Score History
You have not taken this quiz